000 00236nam a22000857a 4500
999 _c10977
_d10977
008 180706b ||||| |||| 00| 0 eng d
100 _aVerne Gabriel Jules
_96775
245 _a20000 Leagues Under the Sea
260 _aNew Delhi
_bCampfire
_c2016